LIBRARY & INFORMATION CENTRE, KCAET, TAVANUR

ONLINE PUBLIC ACCESS CATALOGUE (OPAC)

Soundarya bhoomoyile janatha / (Record no. 4287)

MARC details
000 -LEADER
fixed length control field 00444cam a2200169ua 4500
041 ## - LANGUAGE CODE
Language code of text/sound track or separate title mal
082 ## - DEWEY DECIMAL CLASSIFICATION NUMBER
Classification number 894.81280355
Item number BAL/SO
100 ## - MAIN ENTRY--AUTHOR NAME
Personal name Balakrishna Pillai, A.K .
245 ## - TITLE STATEMENT
Title Soundarya bhoomoyile janatha /
260 ## - PUBLICATION, DISTRIBUTION, ETC. (IMPRINT)
Place of publication Thiruvananthapuram :
Name of publisher Kesari Press ,
Year of publication 1966.
300 ## - PHYSICAL DESCRIPTION
Number of Pages 222 ; .
942 ## - ADDED ENTRY ELEMENTS (KOHA)
Koha item type Books
Holdings
Withdrawn status Lost status Damaged status Home library Current library Date acquired Full call number Accession Number Koha item type
Withdrawn     KAUAET KAUAET 16/11/2023 894.81280355 BAL/SO 11485 Books
Withdrawn     KAUAET Malayalam University 07/04/2012 894.81280355 11486 Books
free website counter